Countries where less than 50% of the population is literate - Statistics

General Stats
  • This quiz has been taken 51 times
  • The average score is 11 of 14
Answer Stats
Hint Answer % Correct
40,2% Chad
96%
19,1% Niger
96%
38,7% Mali
85%
47,6% Liberia
83%
39,0% Somalia
83%
26,8% South-Sudan
83%
48,1% Sierra Leone
81%
30,4% Guinea
79%
36,0% Burkina Faso
77%
49,1% Ethiopia
77%
38, 4% Benin
75%
36,8% Central African Republic
75%
43,1% Ivory Coast
58%
38,2% Afghanistan
56%
No matching quizzes found
Score Distribution
Percent of People with Each Score
Percentile by Number Answered
Your Score History
You have not taken this quiz